000 00299nam a2200121Ia 4500
008 190216s9999||||xx |||||||||||||| ||und||
100 _aPandia M L And Yadav R P S
245 0 _aElements Of Nuclear Physics
260 _bKedernath Ramnath
_c1985
300 _a610p
650 _aPhysics
942 _cBK
999 _c32989
_d32989